Normal view MARC view
  • Reghi?Mircea

Entry Personal Name

Number of records used in: 1

001 - CONTROL NUMBER

  • control field: 95762

003 - CONTROL NUMBER IDENTIFIER

  • control field: NUST

005 - DATE AND TIME OF LATEST TRANSACTION

  • control field: 20220729120003.0

008 - FIXED-LENGTH DATA ELEMENTS

  • fixed length control field: 220729|| aca||aabn | a|a d

040 ## - CATALOGING SOURCE

  • Original cataloging agency: NUST
  • Transcribing agency: NUST

100 ## - HEADING--PERSONAL NAME

  • Personal name: Reghi?Mircea

670 ## - SOURCE DATA FOUND

  • Source citation: Work cat.: (NUST)175282: Reghi?Mircea., Classical and Fuzzy Concepts in Mathematical Logic and Applications /, c1998.
© 2023 Central Library, National University of Sciences and Technology. All Rights Reserved.